| 000 | 01297cab a2200253 4500 | ||
|---|---|---|---|
| 001 | ABS37021 | ||
| 008 | 090401t1986 xxu||||| |||| 00| 0 eng d | ||
| 035 | _a(Sirsi) u1610 | ||
| 041 | _aeng | ||
| 245 | _aOffices - where to now | ||
| 260 | _c1986 | ||
| 350 | _a0 | ||
| 490 |
_aChartered Surveyor Weekly _v23/10/86 (36) |
||
| 520 | _aA supplement on aspects of the office market ; implications of the Big Bang for office development in the West End ; why large companies have problems relocating outside London ; describes Salomon Brothers adaptation of a speculative building to accommodate a dealing floor . Examines how tenant demand affects design and looks at development on the City fringes. Briefly reports on office development in Hong Kong ; the impact of the proposed changes to the Use Class Order ; the office market in outer London, especially areas adjacent to the M25 and the rise in pre-letting in the City of London. Discusses problems of promoting office property and the development of business centres . | ||
| 650 | _aADVERTISING | ||
| 650 | _aDEREGULATION | ||
| 650 | _aLOCAL LONDON GROUP | ||
| 650 | _aPROPERTY MARKETING | ||
| 650 | _aRELOCATION | ||
| 650 | _aTENANTS REQUIREMENTS | ||
| 690 | _aPROPERTY-COMMERCIAL PROPERTY | ||
| 942 | _n0 | ||
| 948 | _c04/03/1997 | ||
| 999 |
_c913 _d913 |
||